Missing Word: RuPaul's Drag Race (A-Z) Quiz Stats

 Plays Quiz Updated Mar 24, 2018

Score 0/24 Timer 04:00
6 Plays Today
Name Missing Word % Correct
Bianca ____ RioDel
97.2%
Bob the Drag ____Queen
96.1%
____ DelanoAdore
94.6%
Monica Beverly ____Hillz
93.7%
____ Bo'Nina BrownNina
93.2%
____ ActCourtney
92.8%
____ NeedlesSharon
92.7%
Thorgy ____Thor
92.3%
Jinkx ____Monsoon
91.9%
Phi Phi ____O'Hara
91.6%
Gia ____Gunn
91.5%
____ ChachkiViolet
91.3%
Name Missing Word % Correct
____ MoanFarrah
91%
Latrice ____Royale
90.8%
Ivy ____Winters
90.6%
Laganja ____Estranja
89.3%
____ CalienteJiggly
89.3%
Mimi ____Imfurst
88.5%
Mrs. ____ DavisKasha
87.8%
Bebe ____ BenetZahara
87%
Nicole ____ BrooksPaige
84.4%
____ SofiaYara
84.3%
Lashauwn ____Beyond
78.3%
Stacy ____ MatthewsLayne
77.9%

Today's Daily Dose

You're not logged in!

Compare scores with friends on all Sporcle quizzes.
OR
Log In

Show Comments

Extras

Top Quizzes Today


Score Distribution

Your Account Isn't Verified!

In order to create a playlist on Sporcle, you need to verify the email address you used during registration. Go to your Sporcle Settings to finish the process.

Report this User

Report this user for behavior that violates our Community Guidelines.

Details: